| 000 | 01399nam a2200265Ia 4500 | ||
|---|---|---|---|
| 999 |
_c56027 _d56027 |
||
| 001 | 23127 | ||
| 003 | GE_BSU | ||
| 005 | 20250911184112.0 | ||
| 008 | 181216s2018||||ge |||||||||||||| ||geo|| | ||
| 020 | _a9789941293467 | ||
| 040 | _cGE_BSU | ||
| 041 | _ageo | ||
| 080 | _a27-29 წ-71 | ||
| 245 |
_aწმინდა გულის ადამიანები და მორჩილი კეთილი ცხოველები / _cპროექტის ავტ. და რედ. : თამარ მამაცაშვილი ; შემდგ. : ს. თავაძე. ;მხატვ. ლ. სილაგაძე. |
||
| 264 |
_aთბილისი : _bპალიტრა L, _c2018. |
||
| 300 |
_a149 გვ. : _bილ. ; _c20 სმ. |
||
| 490 |
_aმეგზური სიკეთის სამყაროში _v 7 |
||
| 541 | _h4 ლ. | ||
| 653 | _aრელიგია. ქრისტიანობა | ||
| 653 | _aწმინდა გულის ადამიანები და მორჩილი კეთილი ცხოველები | ||
| 700 |
_aმამაცაშვილი, თამარ _eრედაქტორი _925799 |
||
| 700 |
_aთავაძე, ს. _eშემდგენელი _923749 |
||
| 700 |
_aსილაგაძე, ლ. _eმხატვარი _925792 |
||
| 942 |
_cBK _2udc |
||